[Event "Goodricke op 12th"]
[Site "Kolkata"]
[Date "2001.02.07"]
[Round "2"]
[White "Harikrishna, Pentala"]
[Black "Ravi, Thandalam Shanmugam"]
[Result "1-0"]
[WhiteElo "2514"]
[BlackElo "2385"]
[Annotator "Finkel,A"]
[PlyCount "103"]
[EventDate "2001.02.06"]
[EventType "swiss"]
[EventRounds "11"]
[EventCountry "IND"]
[SourceTitle "CBM 082"]
[Source "ChessBase"]
[SourceDate "2001.05.17"]
[SourceVersion "1"]
[SourceVersionDate "2001.05.17"]
[SourceQuality "1"]

1. d4 Nf6 2. c4 e6 3. Nf3 b6 4. e3 Bb7 5. Bd3 d5 6. cxd5 exd5 7. Nc3 Bd6 8. O-O
Nbd7 9. b3 a6 10. Bb2 O-O 11. Rc1 {In this type of positions the order of
moves is not of such a greate importance, and what is really matters is a
correct plan and understanding of fact what pieces should stay on the board!} (
11. Qc2 Re8 12. Rac1 Ne4 13. g3 Qf6 14. Nd2 Qe6 15. Rfe1 c5 $13 {1/2-1/2
Simagin,V-Polugaevsky,L/Moscow 1960/MCD (30)}) (11. Ne2 Ne4 12. Rc1 Re8 13. Ng3
Qf6 14. Bxe4 dxe4 15. Ne5 $5 Nf8 $13 {Zhukova,N-Chiburdanidze,M/Belgrade 1998/
CBM 63 ext (33)}) 11... Qe7 12. Ne2 Ne4 13. Ng3 (13. Qc2 Rac8 14. Ng3 f5 15.
Qe2 Ra8 16. Rc2 Rf7 17. Rfc1 c5 18. Re1 a5 19. Bb5 $14 {Sokolov,I-Kindermann,S/
Austria 1995/CBM 45 ext (45)}) 13... g6 14. Rc2 (14. Bxe4 dxe4 15. Nd2 b5 16.
Qe2 Nb6 17. Rc2 Rae8 18. Rfc1 f5 19. a4 Qd7 $15 {Tsiganova,M-Maric,A/Istanbul
2000/EXT 2001 (38)}) (14. Qc2 Rac8 15. Qe2 b5 16. a4 c6 17. Rfe1 Rfe8 18. Nf1
Qf8 $132 {Nikolac,J-Farago,I/Split 2000/EXT 2001 (41)}) 14... f6 15. Be2 (15.
Qe2 Rf7 16. Nh4 Nxg3 17. hxg3 Nf8 18. Re1 Bb4 19. Rec1 Bd6 20. Re1 Bb4 21. Rec1
Bd6 {1/2-1/2 Harikrishna,P-Vescovi,G/Istanbul 2000/EXT 2001 (21)}) 15... Nxg3 (
15... f5 16. Qa1 c5 17. Rd1 Rae8) 16. hxg3 Rf7 $6 {Rook has nothing to do on
f7.} (16... Rae8 $5 17. Nd2 f5 18. Bf3 {[%cal Gd2c4]} c6 19. Qa1 Nf6 20. Rfc1
Rc8 $132 {[%cal Gg6g4,Gh7h4,Gg8g7,Gf8h8]}) 17. Nd2 Kg7 18. Re1 Re8 19. Bf3 Qd8
(19... f5 20. Nc4 $5 Nf6 21. Nxd6 Qxd6 22. Qd3 Ne4 23. Rec1 $14) 20. Qc1 $1 $14
{[%csl Rc7][%cal Gb2a3] Black bishop is much more active than the white one
and it also a ''central defender'' in blacks camp.} (20. e4 $2 Rfe7 $17 {
[%csl Re4][%cal Ge7e1]}) 20... Qb8 21. Nb1 f5 22. Nc3 Nf6 23. Ba3 Qd8 24. Na4
Bxa3 (24... Ne4 25. Bxd6 Qxd6 (25... cxd6 {[%csl Ge5]} 26. Qa3 Ree7 27. Rec1
Rc7 28. Qb4 b5 29. Nc3 $14) 26. Nb2 $14 {[%cal Gb2d3,Gd3e5]}) 25. Qxa3 Qe7 $6
26. Qxe7 Rexe7 27. Nb2 Ne8 (27... Ne4 $5) 28. Nd3 Rf6 29. Rec1 Rd6 30. b4 Kf6
31. a4 Rg7 32. Ne5 $16 Ke7 $6 (32... h5 $1) 33. g4 Kd8 $6 (33... fxg4 34. Bxg4
Kd8 35. Kf1 Nf6 36. Bf3 Bc8 $16) 34. g5 $1 {[%csl Re8,Rh7]} Re7 35. g3 Ng7 36.
Be2 Ne6 37. f4 Ng7 (37... Nf8) 38. Kf2 Rde6 39. g4 fxg4 (39... Rd6 40. gxf5
Nxf5 41. Bg4 Ng7) 40. Bxg4 Rd6 41. Nc6+ $5 (41. Kf3 $1 {[%csl Rh7][%cal Gc2h2,
Gc1h1]}) 41... Bxc6 42. Rxc6 Ne8 43. a5 $1 {[%csl Ra6]} b5 44. Rb6 $1 $18 (44.
R1c5 $18) 44... Rf7 (44... cxb6 45. Rc8#) 45. Rb8+ Ke7 46. Ra8 {[%cal Gg4c8]}
Kf8 47. Bc8 Rd8 48. Bb7 Rxa8 49. Bxa8 c6 50. Rxc6 Ra7 51. Rc8 Ke7 52. Bxd5 1-0

[Event "Tel Aviv"]
[Site "Tel Aviv"]
[Date "2001.02.25"]
[Round "5"]
[White "Doettling, Fabian"]
[Black "Mikhalevski, Alexander"]
[Result "1/2-1/2"]
[WhiteElo "2509"]
[BlackElo "2438"]
[Annotator "Finkel,A"]
[PlyCount "82"]
[EventDate "2001.02.20"]
[EventType "tourn"]
[EventRounds "9"]
[EventCountry "ISR"]
[EventCategory "9"]
[SourceTitle "CBM 082"]
[Source "ChessBase"]
[SourceDate "2001.05.17"]
[SourceVersion "1"]
[SourceVersionDate "2001.05.17"]
[SourceQuality "1"]

1. d4 Nf6 2. c4 e6 3. Nf3 b6 4. e3 Bb7 5. Bd3 d5 6. O-O Bd6 7. Nc3 Nbd7 8. Qe2
O-O (8... Ne4 9. Nd2 (9. cxd5 exd5 10. Ba6 $6 (10. Qc2 Nxc3 11. bxc3 Nf6 12. a4
O-O 13. Ba3 Qe7 14. Qb2 c5 $11 {Gasparian,N-Nikoladze,S/Tbilisi 1999/EXT 2001 
(52)}) 10... Qc8 11. Bxb7 Qxb7 12. Bd2 O-O 13. Rfc1 a6 14. Rc2 f5 15. g3 Rae8
$15 {0-1 Nogueiras,J-Dzindzichashvili,R/Thessaloniki 1984/EXT 97-B (26)}) 9...
Nxd2 10. Bxd2 dxc4 11. Bxc4 O-O 12. e4 e5 13. d5 a6 14. a4 Qe7 15. Nd1 Kh8 $13
{Skatchkov,P-Rashkovsky,N/St Petersburg 1999/CBM 74 (29)}) 9. e4 (9. cxd5 exd5
10. Ba6 Qc8 11. Bxb7 {1/2-1/2 Tibensky,R-Franzen,J/Trnava 1984/EXT 98 (11)}) (
9. Rd1 Ne4 10. Qc2 Nxc3 11. bxc3 Nf6 12. Bb2 Qe7 13. cxd5 exd5 14. c4 dxc4 15.
Bxc4 Be4 16. Bd3 $14 {Velikov,P-Schneider,A/Frunze 1983/MCD (75)}) 9... dxc4
10. Bxc4 e5 11. dxe5 $6 {After this move black easily reachs equality,while
after correct} (11. d5 $5 c6 $6 (11... Re8 12. h3 Qe7 13. Bg5 $14) 12. dxc6
Bxc6 13. Rd1 Qe7 14. Nh4 g6 15. Bg5 $14 {white is clearly better.}) 11... Nxe5
12. Nxe5 Bxe5 13. Rd1 Qe7 $11 14. f3 ({In case of} 14. Nd5 $6 Nxd5 15. Bxd5
Bxd5 16. Rxd5 c6 17. Rd1 Rfd8 $15 {black even has a symbolical advantage.})
14... Rad8 15. Be3 (15. Bg5 $5) 15... c6 {[%csl Gd5]} 16. Qc2 Nd7 17. Ne2 $5 {
[%cal Ge2d4,Gd4f5]} Bb8 18. Nd4 g6 19. Bf2 (19. a3 $5 Ne5 20. Ba2 c5 21. Nb5
Qh4 22. Nc3 Nc6 $13) 19... Ne5 20. Be2 h5 $5 21. g3 (21. f4 Ng4 (21... c5 22.
Nb5 Nc6 23. e5 a6 24. Nc3 Nd4 $13) 22. Bxg4 hxg4 23. e5 c5 24. Nb5 Qe6 $13)
21... h4 22. f4 c5 $1 23. Nb5 Nc6 24. Bf3 Rfe8 {[%csl Re4]} 25. Nc3 Nd4 26.
Bxd4 Rxd4 ({Black could try} 26... cxd4 {,but the position remains equal in
any case.} 27. Nd5 Bxd5 28. exd5 Qe3+ 29. Qf2 {[%csl Rd4]} (29. Kg2 $4 h3+ $19)
29... hxg3 30. hxg3 Bd6 31. Qxe3 dxe3 32. Kf1 $11) 27. Rxd4 cxd4 28. Nd5 Bxd5
29. exd5 Qe3+ 30. Qf2 hxg3 31. hxg3 g5 $5 32. Qxe3 $1 (32. fxg5 Qxg5 33. Kg2 d3
34. Rd1 Re3 $15) 32... Rxe3 33. Kf2 gxf4 34. gxf4 Bxf4 35. Rd1 Re7 $6 (35...
Be5 $5) 36. Kg2 Be3 $6 37. Bg4 Rc7 38. d6 Rc2+ 39. Kg3 Rc6 40. d7 Rd6 41. Kf3
Bg5 1/2-1/2

[Event "EU-chT (Men) 13th"]
[Site "Leon"]
[Date "2001.11.11"]
[Round "6.2"]
[White "Supatashvili, Khvicha"]
[Black "Cvitan, Ognjen"]
[Result "1/2-1/2"]
[WhiteElo "2515"]
[BlackElo "2550"]
[Annotator "Finkel,A"]
[PlyCount "97"]
[EventDate "2001.11.06"]
[EventType "team-swiss"]
[EventRounds "9"]
[EventCountry "ESP"]
[SourceTitle "CBM 086"]
[Source "ChessBase"]
[SourceDate "2002.02.05"]
[SourceVersion "1"]
[SourceVersionDate "2002.02.05"]
[SourceQuality "1"]
[WhiteTeam "Georgia"]
[BlackTeam "Croatia"]
[WhiteTeamCountry "GEO"]
[BlackTeamCountry "CRO"]

1. d4 Nf6 2. c4 e6 3. Nf3 b6 4. e3 Bb7 5. Bd3 d5 6. O-O Nbd7 7. Nc3 Bd6 8. cxd5
exd5 9. Qc2 O-O {Black is ready to give up his strong bishop in order to
complete the development as quick as possible.} (9... a6 10. e4 dxe4 11. Nxe4
O-O 12. Nxd6 cxd6 13. Qd1 (13. Bf4 Bxf3 14. gxf3 Nd5 15. Bxd6 Qg5+ 16. Bg3 f5
17. Qc6 f4 18. Qxd7 $16 {Chatalbashev,B-Naumkin,I/Porto San Giorgio 2000})
13... b5 14. Re1 Qb6 15. Be3 Be4 16. Bxe4 Nxe4 17. d5 $14 {Zagorskis,D-Stohl,I/
Bratislava 1994/EXT 99}) (9... c5 10. b3 O-O 11. Bb2 Re8 12. Rad1 Rc8 13. Bf5
Bb8 14. dxc5 bxc5 15. Ne2 d4 16. Ng3 Bxf3 17. gxf3 Ne5 $132 {Avrukh,B-Grooten,
H/Groningen 1996/EXT 98}) (9... Be7 10. b3 O-O 11. Bb2 a6 12. Ne5 Re8 13. Ne2
Bd6 14. Rac1 Nf8 15. Ng3 c5 16. Nf5 $14 {Dizdar,G-Sax,G/Pula 1997/EXT 2000})
10. Nb5 Qe7 $5 (10... Ne4 11. Nxd6 cxd6 12. Bd2 Ndf6 13. Rfc1 Rc8 14. Qa4 Nxd2
15. Nxd2 a6 16. Qb4 $14 {Pedersen,E-Fries Nielsen,J/Naestved 1985/MCD}) (10...
a6 11. Nxd6 cxd6 12. Ng5 h6 13. Nh3 b5 14. f3 Qb6 15. a4 bxa4 16. Qxa4 Bc6 17.
Qa3 $14 {Adler,J-Podlesnik,B/Bled 1992/CBM 29}) 11. Nxd6 Qxd6 12. b3 (12. b4 a5
13. b5 Rfc8 14. Bb2 c6 15. bxc6 Rxc6 16. Qe2 Ne4 17. Rac1 Rac8 $132 {Lukacs,
P-Petran,P/Budapest 1992/EXT 97}) 12... Rac8 13. Qe2 Rfe8 14. Bb2 c5 15. Rac1
Ne4 16. Rfd1 Qh6 $6 {Black queen has nothing to do on h6 so better was} (16...
Qe6 17. Ba6 Bxa6 18. Qxa6 Rc7 19. dxc5 bxc5 20. Qd3 Ndf6 $132 {with unclear
position.}) 17. Rc2 (17. Ba6 $5 {[%csl Rd5]} Bxa6 (17... Qc6 18. Bb5 Qe6 19.
Ne5 Nef6 (19... Nxe5 20. Bxe8 Ng4 21. f3 Rxe8 22. fxg4 $16) 20. Nxd7 Nxd7 21.
Qf3 $14) 18. Qxa6 Qe6 19. dxc5 bxc5 20. Qd3 Nb6 $13) 17... Nd6 18. Ba6 (18.
Rdc1 {[%csl Rc5][%cal Gb2a3]} Rc7 19. Ba3 Rec8) 18... Bxa6 19. Qxa6 Qe6 20.
dxc5 {I guess at this stage white had in mind his 22d move.} (20. Qxa7 $4 Ra8
21. Qc7 Rec8 $19) 20... bxc5 21. Qd3 $5 Nb6 22. Rxc5 $14 {White doesn't win a
pawn with this spectacular move, but definitly gets some initiative.} Rxc5 23.
Qd4 Qf6 $8 24. Qxc5 Qxb2 25. Qxd6 Qxa2 26. Nd4 h6 27. h3 (27. g3 $5) 27... Rc8
28. Nf5 (28. Qe5 Qb2 29. Qe7 Qa2 30. Nf5) 28... Qxb3 29. Qe5 Qc3 (29... Qxd1+
30. Kh2 f6 31. Qe7 $18 {[%csl Rg7]}) 30. Rd4 Qc1+ 31. Rd1 (31. Kh2 $2 Qc7 $15 {
[%cal Gc7h2]}) 31... Qc3 32. Ne7+ $5 (32. Rd4 $11) 32... Kh8 (32... Kf8 33. Qd6
Nc4 34. Qd7 Nb6 35. Qxa7 Qb3 36. Rd4 $36 {[%csl Rf8]}) 33. Qf4 Qc2 {[%csl Gg6]}
(33... Rf8 $2 34. Ng6+ $18) 34. Ra1 Rf8 35. Rxa7 Nc4 {Preparing the exchange
of queens on b8!} 36. Ra6 (36. Qf5 $5 Qxf5 37. Nxf5 {[%csl Rd5][%cal Ga7d7]} h5
38. Rd7 Nb6 39. Rd6 Rb8 40. Ne7 $14) (36. Qd4 $5 Nd2 $132 {[%cal Gc2d1]}) 36...
Kh7 37. Nf5 Qb1+ 38. Kh2 Qb8 39. Qxb8 Rxb8 40. Ra7 Rb2 (40... Rf8 41. Rd7 Nb6
42. Rd6 Rb8 43. h4 $14) 41. Rxf7 (41. Kg3 Nd2 42. f3 Nf1+ 43. Kf4 Rxg2 44. Rxf7
$14 {[%csl Rf1]}) 41... Rxf2 42. Kg1 Re2 43. Rxg7+ Kh8 44. Re7 h5 45. Kf1 Ra2
46. Rd7 Nd2+ $1 47. Ke1 (47. Kg1 Ra1+ 48. Kf2 Ne4+ $11) 47... Ne4 48. Rd8+ (48.
Rxd5 Rxg2 $14) 48... Kh7 49. Nd4 1/2-1/2

[Event "USA-ch"]
[Site "Seattle"]
[Date "2003.01.16"]
[Round "7"]
[White "Donaldson, John W"]
[Black "Kudrin, Sergey"]
[Result "1-0"]
[WhiteElo "2399"]
[BlackElo "2542"]
[Annotator "Finkel,A"]
[PlyCount "61"]
[EventDate "2003.01.09"]
[EventType "swiss"]
[EventRounds "9"]
[EventCountry "USA"]
[SourceTitle "CBM 093"]
[Source "ChessBase"]
[SourceDate "2003.04.01"]
[SourceVersion "1"]
[SourceVersionDate "2003.04.01"]
[SourceQuality "1"]

1. Nf3 c5 2. c4 b6 3. Nc3 Bb7 4. e3 Nf6 5. d4 cxd4 6. exd4 e6 7. Bd3 Be7 (7...
Bb4) 8. O-O d5 9. cxd5 Nxd5 10. Ne5 O-O 11. Qg4 Nxc3 12. bxc3 Bf6 $6 {Bad idea.
This move was tried by Karpov back in 1994, but white didn't find best
continuation and achieved nothing out of the opening.} (12... Nd7 13. Qh3 (13.
Rd1 Nf6 14. Qh3 Be4 15. Ba6 Qc7 16. Re1 Rad8 17. Bg5 Bf5 18. Qf3 Nd5 19. Bd2
Bd6 $13 {Legky,N-Spiridonov,N/Cannes 1999}) (13. Bh6 Bf6 14. Rad1 Qe7 15. Rfe1
(15. f4 Kh8 16. Qh5 g6 17. Bxf8 Nxf8 18. Qe2 Rc8 19. Rc1 $18 {Hoi,C-Agopov,M/
Gausdal 2002}) 15... Rfd8 16. c4 Nf8 17. h4 Ng6 18. Bxg6 hxg6 19. Bg5 $14 {
Claesen,P-Vanderstricht,G/Gent 2000}) 13... f5 14. Bf4 Rc8 15. c4 Nxe5 16. Bxe5
Bf6 17. Qe3 Bxe5 18. Qxe5 Qf6 $11 {Polgar,Z-Horvath,J/Debrecen 1990}) 13. Ba3
$1 {Very strong reply forcing black to retreat with the bishop back to e7.} (
13. Re1 Nd7 14. Bh6 Rc8 15. Rac1 Qe7 16. Qh3 Rfd8 17. Bf4 Nf8 18. Qh5 Rd5 19.
Re3 g6 20. Qd1 Bg7 $132 {Polgar,Z-Karpov,A/Monte Carlo 1994}) 13... Bxe5 $6 {
Mistake after which black is in troubles.} (13... Re8 $2 14. Nxf7 Kxf7 15. Qh5+
g6 16. Qxh7+ Bg7 17. Bxg6+ Kf6 18. Bh5 $18) (13... Be7 $5 14. Bxe7 Qxe7 15. f4
Nd7 16. Rae1 Rac8 17. f5 Nxe5 18. Rxe5 f6 19. Rxe6 Qa3 $14) 14. Qh3 h6 15. dxe5
$1 {White isn't satisfied with minimal advantage after winning an exchange and
opts for attack.} (15. Bxf8 Bxd4 16. cxd4 Kxf8 17. Rfd1 Nd7 18. Rac1 Nf6 $14)
15... Re8 16. Rfe1 Nd7 17. Rad1 $16 Rc8 (17... a6 18. Re3 Rc8 19. Bd6 f5 20.
Rg3 Kh8 21. Qh5 $40 {[%cal Gg3g6]}) 18. Bb5 Bc6 19. Ba6 Rb8 (19... Ra8) 20. Bd6
Ra8 21. Bc4 Qc8 22. Rd4 $1 {[%csl Rg8][%cal Gd4g4] Time to bring the rook to
kingside.} Nf8 23. Rg4 Ng6 24. Qg3 Bd5 25. Bd3 Rd8 (25... Qxc3 26. Bb4 Qb2 27.
Rb1 Qxe5 (27... Qxa2 28. Rxg6 fxg6 29. Qxg6 $18) 28. Rxg6 Qxg3 29. Rxg3 Bxa2
$16) 26. c4 Bc6 27. Rxg6 $1 fxg6 28. Qxg6 $18 Rxd6 29. exd6 Qe8 30. Qh7+ Kf8
31. Bg6 1-0

[Event "Solin 9th"]
[Site "Solin/Split"]
[Date "2001.12.15"]
[Round "8"]
[White "Kovacevic, Vlatko"]
[Black "Zaja, Ivan"]
[Result "1/2-1/2"]
[WhiteElo "2499"]
[BlackElo "2476"]
[Annotator "Finkel,A"]
[PlyCount "98"]
[EventDate "2001.12.08"]
[EventType "tourn"]
[EventRounds "9"]
[EventCountry "CRO"]
[EventCategory "12"]
[SourceTitle "CBM 087"]
[Source "ChessBase"]
[SourceDate "2002.03.21"]
[SourceVersion "1"]
[SourceVersionDate "2002.03.21"]
[SourceQuality "1"]

1. d4 Nf6 2. Nf3 c5 3. e3 b6 4. Bd3 Bb7 5. O-O g6 6. c4 e6 7. Nc3 (7. Qe2 Bg7
8. dxc5 bxc5 9. e4 Nc6 10. e5 Ng4 11. Bf4 f6 12. exf6 Qxf6 13. Bg3 Nge5 14.
Nxe5 Nxe5 15. Nc3 Nxd3 16. Qxd3 Qf5 17. Qd6 Bc6 18. Rfe1 Kf7 19. Be5 Rhb8 20.
b3 Bf8 21. Qd2 d6 22. Bf4 Rd8 $15 {Djuric,S-Nisipeanu,L/Las Vegas 1999/CBM 72})
(7. d5 b5 8. dxe6 fxe6 9. cxb5 Bg7 10. Qe2 d5 11. Rd1 Nbd7 12. Nc3 O-O 13. e4
Qc7 14. Bg5 Rae8 15. Rac1 Ng4 16. h3 Nge5 17. Nxe5 Nxe5 $44 {1/2-1/2 Golod,
V-Greenfeld,A/Givatayim 1997/CBM 58 ext (25)}) 7... Bg7 8. d5 $5 {The most
ambitious approuch!} (8. e4 cxd4 9. Nxd4 d6 (9... O-O 10. Be3 Nc6 11. Nxc6 Bxc6
12. Bg5 h6 13. Bh4 d6 14. f4 Re8 15. Qe2 Qb8 16. Rae1 Nd7 17. Qd2 a6 18. a4 Qc7
19. Bc2 Bb7 $11 {1/2-1/2 Ryan,J-Emms,J/Port Erin 1999/CBM 74 no vc (36)}) 10.
Be3 O-O 11. f3 a6 12. Qd2 Re8 13. Rfd1 Nbd7 14. Bf1 d5 15. exd5 exd5 16. cxd5
Nxd5 17. Nxd5 Bxd5 18. Bf2 Nf6 19. Rac1 Bb7 20. Rc3 Nd5 21. Rd3 $14 {1/2-1/2
Jussupow,A-Hracek,Z/Germany 1999/GER-chT (42)}) 8... exd5 9. cxd5 Nxd5 10. Nxd5
Bxd5 11. Bxg6 hxg6 12. Qxd5 Nc6 13. Rd1 {Main line starts with 13.e4, but a
move in the game also has a right to exist.} (13. e4 Qe7 (13... Rh5 14. Qd3 (
14. Bg5 $6 $146 Qc7 (14... Bf6 15. h4 Qe7 16. g3 O-O-O 17. Bxf6 Qxf6 18. Ng5
Rf8 19. Rad1 $14 {Gausel,E-Andersson,U/Sweden 1999}) 15. Rad1 Kf8 {[%cal Gf7f6]
} 16. g4 Rh8 $13 {Gausel,E-Hansen,S/Reykjavik 2000/CBM 79}) 14... Qf6 15. Rb1
Rd8 {1/2-1/2 Novkovic,M-Stocek,J/Presov 2000/CBM 79 (15)}) (13... Qf6 14. Ng5
Rd8 15. Bd2 O-O 16. Bc3 Nd4 17. Kh1 Qc6 $11 {Muse,M-Adams,M/Germany 2000}) 14.
Bg5 (14. Rb1 O-O 15. a3 Rfe8 16. Ng5 Nd4 17. Be3 Ne6 18. Nf3 Nc7 19. Qb7 Nb5
20. Rbd1 Qxe4 21. Qxd7 Nd4 $2 22. Bxd4 Red8 23. Qxf7+ $1 Kxf7 24. Ng5+ Kg8 25.
Nxe4 $16 {Zhukova,N-Zatonskih,A/Alushta 1999/EXT 2000}) (14. Bf4 Qe6 15. Ng5
Qxd5 16. exd5 Ne5 $11) 14... Qe6 15. Qd2 Ne5 16. Ne1 Nc4 17. Qe2 $13 {Dizdar,
G-Psakhis,L/Belgrade 1988/CBM 10}) (13. Ng5 Qe7 14. f4 Rh5 15. Qc4 Bf6 16. Ne4
O-O-O $13 {Hansen,S-Motwani,P/Gausdal 1992}) 13... Qe7 (13... Rh5 14. Qd2 Qc7
15. Rb1 O-O-O 16. a3 d5 17. b4 d4 18. Qe2 Rhd5 $15 {Poettinger,H-Zeller,F/
Hohenems 1999/EXT 2000}) 14. e4 Rh5 $5 {Typical reply for this kind of
positions.} 15. Bg5 Qe6 16. Qxe6+ fxe6 ({Not so bad was also} 16... dxe6 $5 17.
Rd2 Nd4 18. Nxd4 Bxd4 $11 {and black is doing fine.}) 17. Rd2 Nd4 18. Nxd4 Rxg5
$6 {[%csl Rg5] After this move black has to be careful to keep the balance.} (
18... Bxd4 19. h4 Rh7 20. g4 d5 21. exd5 exd5 22. Kg2 Kd7 $132) 19. Nf3 Rg4 (
19... Rh5 20. Rad1 Rd8 21. g4 Rh8 22. e5 Rf8 23. Kg2 $14) 20. Re1 O-O-O 21. g3
{[%cal Gh2h3] Threatening to win a rook with h3.} d5 $8 22. exd5 exd5 23. Re7
Rd7 24. Rxd7 Kxd7 25. Rxd5+ Kc6 26. Rd2 c4 $14 {Strong bishop and possibility
to create a passed pawn on the queenside make black's drawing chanses extremly
high.} 27. Re2 (27. Kf1 $5 {[%cal Gf1e2,Ge2d1,Gd1c2]} Re4 28. Nh4 Re6 29. Ng2
b5 30. Ne3 Rd6 31. Rc2 $14) 27... Kd5 $1 28. Kf1 Re4 29. b3 cxb3 30. axb3 Rb4
$1 {It's easier for black to create counterplay when the rooks are on the
board.} (30... Rxe2 31. Kxe2 b5 32. Kd3 a5 33. Nh4 g5 34. Nf5 Bf6 35. Ne3+ Kc5
$14) 31. Re3 a5 32. Ne1 b5 33. Nc2 Re4 34. Ke2 a4 35. Kd3 (35. Rxe4 Kxe4 36.
bxa4 bxa4 37. f3+ Kd5 38. Kd3 g5 $14) 35... Rxe3+ 36. Nxe3+ Ke5 37. f4+ Ke6 38.
bxa4 bxa4 39. Kc4 Bf8 40. h3 a3 41. Kb3 Bd6 $5 {White can't make progress
while his king is stuck on b3.} 42. Ng2 Be7 43. g4 Kd5 44. f5 gxf5 45. Ne3+ Ke5
46. Nxf5 Bf8 47. Nh4 Bd6 48. Nf3+ Kf4 49. Nd4 Kg3 1/2-1/2

[Event "CZE-ch"]
[Site "Karlovy Vary"]
[Date "2005.02.05"]
[Round "5"]
[White "Lechtynsky, Jiri"]
[Black "Hracek, Zbynek"]
[Result "0-1"]
[WhiteElo "2487"]
[BlackElo "2600"]
[Annotator "Finkel,A"]
[PlyCount "96"]
[EventDate "2005.02.01"]
[EventType "tourn"]
[EventRounds "11"]
[EventCountry "CZE"]
[EventCategory "11"]
[SourceTitle "CBM 106"]
[Source "ChessBase"]
[SourceDate "2005.06.06"]
[SourceVersion "1"]
[SourceVersionDate "2005.06.06"]
[SourceQuality "1"]

1. d4 Nf6 2. Nf3 e6 3. c4 b6 4. e3 Bb7 5. Bd3 c5 6. O-O g6 7. Nc3 (7. d5 b5 8.
dxe6 fxe6 9. cxb5 Bg7 10. Qe2 d5 11. Rd1 Nbd7 12. Nc3 O-O 13. e4 Qc7 14. Bg5
Rae8 15. Rac1 Ng4 16. h3 Nge5 17. Nxe5 Nxe5 $44 {Golod,V-Greenfeld,A/Givatayim
1997/}) 7... Bg7 8. Re1 $6 {If white intends to play d5 putting a rook on e1
is just a waste of time.} (8. d5 exd5 9. cxd5 Nxd5 10. Nxd5 Bxd5 11. Bxg6 hxg6
12. Qxd5 Nc6 13. e4 Qe7 (13... Rh5 14. Qd3 (14. Bg5 $6 Qc7 (14... Bf6 15. h4
Qe7 16. g3 O-O-O 17. Bxf6 Qxf6 18. Ng5 Rf8 19. Rad1 $14 {Gausel,E-Andersson,U/
Sweden 1999}) 15. Rad1 Kf8 {[%cal Gf7f6]} 16. g4 Rh8 $13 {Gausel,E-Hansen,S/
Reykjavik 2000/CBM 79}) 14... Qf6 15. Rb1 Rd8 {1/2-1/2 Novkovic,M-Stocek,J/
Presov 2000/CBM 79 (15)}) (13... Qf6 14. Ng5 Rd8 15. Bd2 O-O 16. Bc3 Nd4 17.
Kh1 Qc6 $11 {Muse,M-Adams,M/Germany 2000}) 14. Bg5 (14. Rb1 O-O 15. a3 Rfe8 16.
Ng5 Nd4 17. Be3 Ne6 18. Nf3 Nc7 19. Qb7 Nb5 20. Rbd1 Qxe4 21. Qxd7 Nd4 $2 22.
Bxd4 Red8 23. Qxf7+ $1 Kxf7 24. Ng5+ Kg8 25. Nxe4 $16 {Zhukova,N-Zatonskih,A/
Alushta 1999/EXT 2000}) 14... Qe6 15. Qd2 Ne5 16. Ne1 Nc4 17. Qe2 $13 {Dizdar,
G-Psakhis,L/Belgrade 1988/CBM 10}) (8. e4 cxd4 9. Nxd4 d6 10. Be3 O-O 11. f3 a6
12. Qd2 Re8 13. Rfd1 Nbd7 14. Bf1 d5 $11 {Jussupov,A - Hracek,Z, 1999}) 8...
O-O 9. d5 (9. e4 cxd4 10. Nb5 (10. Nxd4 d6 11. Bg5 a6 12. Rc1 Nbd7 13. Qd2 Rc8
14. b3 Qc7 15. Bh6 Qc5 {1/2-1/2 Eperjesi,L-Korpics,Z/Budapest 2003/CBM 093 ext
(15)}) 10... d5 11. exd5 exd5 12. Bf4 Na6 13. Nfxd4 Nh5 14. Bd6 Re8 15. Rxe8+
Qxe8 $13 {Oostheim,P-Bahr,P/Bargteheide 1988}) 9... exd5 10. cxd5 Nxd5 11. Nxd5
Bxd5 12. Bxg6 hxg6 13. Qxd5 Nc6 14. e4 Qe7 $11 {Black has no opening problems.}
15. Bg5 (15. Bf4 Qe6 16. Qd2 Rfe8 17. a3 Nd4 18. Nxd4 Bxd4 19. Rad1 Qb3 $11)
15... Qe6 16. Qd2 Rfe8 17. Bh6 (17. Rad1 Qxa2 18. Qxd7 Nd4 19. Nxd4 Bxd4 20.
Re2 Qe6 $15) 17... Nd4 18. Nxd4 Bxd4 19. Be3 {White is very consistent in his
play for a draw.} Qxe4 20. Bxd4 Qxd4 21. Qxd4 cxd4 22. Red1 $2 (22. Kf1 $1 Kg7
23. Rad1 Rxe1+ 24. Kxe1 Re8+ 25. Kf1 Re4 26. f3 Rh4 27. Kg1 d5 28. g3 Rh5 29.
Rxd4 Kf6 30. Ra4 $11) 22... Re2 $1 23. Rxd4 Rae8 $1 24. h4 Rxb2 25. a4 (25.
Rxd7 Ree2 26. Rf1 Rxa2 $19) 25... Ree2 26. Rf4 d5 27. Rd1 (27. g3 Ra2 (27...
Rbd2 28. a5 b5 29. a6 Ra2 30. Rxa2 Rxa2 31. Rb4 Rxa6 32. Rxb5 Rd6 33. Kf1 $15 {
[%cal Gf1d3]}) 28. Rd1 Re5 29. Rfd4 Kg7 30. Kg2 $140 Re4 $19) 27... Rbd2 28.
Rb1 Ra2 29. Rd1 Re5 (29... Re4 $6 30. Rxe4 dxe4 31. Rd4 f5 32. Rd8+ Kf7 33.
Rd7+ Kf6 34. Rxa7 $15) 30. g3 Kg7 31. Rd3 Re1+ $1 32. Kg2 Re4 33. Rff3 (33.
Rxe4 dxe4 34. Rd4 e3 $19) 33... d4 34. h5 (34. Ra3 Ree2 35. Rad3 Rxa4 36. Rf4
a5 $19) 34... gxh5 35. Rf5 Rxa4 36. Rdf3 Re7 37. Rxh5 Rc4 38. Rf4 Rd7 39. Rg4+
Kf8 40. Re4 Rc5 41. Rh8+ Kg7 42. Reh4 d3 43. R8h7+ Kf8 44. Rh8+ Ke7 45. Re4+
Kd6 46. Rh1 d2 47. Rd1 Kc6 48. Re2 Rcd5 0-1